|
|
|
|
| LEADER |
00000nam a2200000 a 4500 |
| 005 |
20111222124358.0 |
| 007 |
cr|||| |||| |
| 008 |
071109s2007 sp |||||| 000 ||spa|c |
| 017 |
|
|
|a DL SE. 3006-2007
|
| 020 |
|
|
|a 9788498490558
|
| 035 |
|
|
|a 2308
|
| 040 |
|
|
|d vLex
|
| 043 |
|
|
|a e-sp---
|b e-sp---
|2 catmarc
|
| 080 |
|
|
|a 343.229
|
| 090 |
|
|
|c 2853
|d 2853
|
| 100 |
1 |
|
|a Arias Eibe, Manuel Još
|
| 245 |
1 |
3 |
|a El Error en el derecho penal en el Cd̤igo de 1995
|h [Recurso electrn̤ico] /
|c Manuel Jos ̌Arias Eibe
|
| 256 |
|
|
|a Servicio en ln̕ea
|
| 260 |
|
|
|a Madrid :
|b Dykinson,
|c DL 2007
|
| 300 |
|
|
|a 1 recurso electrn̤ico
|
| 504 |
|
|
|a Bibliografa̕
|
| 506 |
1 |
|
|a Contenido solo disponible en los productos indicados
|d vLex Global
|d vLex Global (Academic Edition, excluding Law Schools)
|d vLex Global (U.S. Academic Edition, Law Schools)
|d vLex Global (U.S. Academic Edition, excluding Law Schools)
|d vLex Global (Academic Edition, Law Schools)
|
| 650 |
0 |
4 |
|a Error (Derecho penal)
|z Espaą
|
| 650 |
0 |
4 |
|a Error (Derecho)
|z Espaą
|
| 650 |
0 |
4 |
|a Derecho penal
|
| 650 |
0 |
4 |
|a Error judicial
|x Legislacin̤
|z Espaą
|
| 650 |
0 |
4 |
|a Derecho penal
|z Espaą
|
| 740 |
0 |
|
|a vLex Libros (Servicio en ln̕ea)
|
| 830 |
|
0 |
|a Cuadernos "Luis Jimňez de Asa︢" ;
|v 33
|
| 856 |
4 |
1 |
|z Acceso restringido
|u http://vlex.com/source/error-derecho-penal-codigo-1995-2308
|
| 942 |
|
|
|c BOOK
|
| 999 |
0 |
|
|a mistake (Law)
|
| 999 |
0 |
|
|a Procedure (Law)
|